| 000 | 00811nam a22001697a 4500 | ||
|---|---|---|---|
| 008 | 130213t xxu||||| |||| 00| 0 eng d | ||
| 082 |
_222 ed. _a348.6761 _b UGA |
||
| 100 |
_aUganda Law Reform Commission _96902 |
||
| 245 |
_aLaws of the Republic of Uganda Enacted in 2001 / _cUganda Law Reform Commission |
||
| 260 | _aUganda | ||
| 300 |
_av, 350 P. ; _c26 cm. |
||
| 650 |
_aLaws of the Republic of Uganda _96903 |
||
| 650 |
_aLaws of the Republic of Uganda Enacted in 2001 _96907 |
||
| 942 |
_2ddc _cBK |
||
| 999 |
_c5258 _d5258 |
||